000 00477nam a2200181Ia 4500
005 20250326143514.0
008 250326s9999 xx 000 0 und d
037 _aTextbook
040 _aFMSL
_beng
_cFMSL
041 _aeng
_2eng
084 _aX:8 N7
_qFMSL
100 _aSchwartz D J
_9736983
245 0 _aMagic of thinking big
_cSchwartz D J
260 _aLondon
_bLondon, Pocket
_c1997
300 _a348p
942 _cTB
_hX:8 N7
999 _c1299852
_d1299852